000 00485nam a2200181Ia 4500
005 20250508163922.0
008 008 250505s9999 xx 000 0 eng d
037 _aTextual
040 _aFEDL
_beng
_cFEDL
041 _aeng
_2eng
084 _a371.97, MIS
_qFEDL
100 _aMishra N
245 0 _aScheduled castes education
260 _aDelhi, India
_bKalpaz Publications
_c2001
300 _a298p.
942 _cTEXL
_h371.97, MIS
999 _c1385989
_d1385989